| 000 | 00954nam a2200241 a 4500 | ||
|---|---|---|---|
| 001 | 000007076 | ||
| 005 | 20260219105723.0 | ||
| 008 | 090904s1984 dr 001 0 spa d | ||
| 040 |
_aDO-SdBNP _bspa _cBNPHU |
||
| 082 |
_a378.7293 _bR977u |
||
| 100 | 1 |
_aRutinel D., José Ulises _919667 |
|
| 245 | 1 | 3 |
_aLa universidad ultrajada / _cJosé Ulises Rutinel D., Guillermo Díaz. |
| 260 |
_aSanto Domingo, : _bUniversitaria, _c1984. |
||
| 300 |
_a270 p. ; _c21 cm. |
||
| 490 | 1 |
_aUASD critica _v29 |
|
| 590 | _aInventariado, 2018/ YL | ||
| 650 | 4 |
_aUniversidades _xAspectos sociales _zRepública Dominicana _xEnsayos, conferencias, etc. _919668 |
|
| 650 | 4 |
_aAdministración universitaria _xRepública dominicana _xEnsayos, conferencias, etc. _91130 |
|
| 650 | 0 |
_aEducación superior _zRepública Dominicana _9730 |
|
| 650 | 4 |
_aDiarios dominicanos _xSecciones, columnas, etc. _944 |
|
| 830 | 0 |
_aUASD critica _n29 _919669 |
|
| 910 | _aValidado. Control de calidad EMS. | ||
| 999 |
_c6859 _d6859 |
||